000 00574cam a22002053a 4500
001 35389
003 PGUSA
005 20140828083749.0
008 110224s2011||||xxu|||||s|||||000 | eng d
040 _aPGUSA
_beng
042 _adc
100 1 _aWilliams, Jesse Lynch,
_d1871-1929
245 1 0 _aWhy Marry?
_h[electronic resource] /
_cJesse Lynch Williams
260 _bProject Gutenberg,
_c2011
506 _aPublic domain in the USA.
516 _aElectronic text
830 0 _aProject Gutenberg
_v35389
856 4 0 _uhttp://www.gutenberg.org/ebooks/35389
942 _cEB
999 _c264644
_d264644